| 000 | 00800nam a2200229 a 4500 | ||
|---|---|---|---|
| 005 | 20240911064717.0 | ||
| 008 | 010620s1995 r 000 0 eng d | ||
| 020 | _a8427119526 | ||
| 035 | _aUPN01000108678 | ||
| 049 | _aCG | ||
| 050 | 4 |
_aBF637 C4.5 _bM3.3 1995 |
|
| 100 | 1 | _aMarroquín Pérez, Manuel | |
| 245 | 1 | 3 |
_aLa comunicación interpersonal : _bmedición y estrategia para su desarrollo / _cManuel Marroquín Pérez, Aurelio Villa Sánchez. |
| 250 | _a2a ed. | ||
| 260 |
_aBilbao, Esp. : _bMensajero, _c1995. |
||
| 300 |
_a159 p. + _ecuestionarios |
||
| 440 | 0 |
_aRecursos e instrumentos psico-pedagógicos ; _v12 |
|
| 650 | 7 |
_aComunicación _xAspectos sociales _2 _96056 |
|
| 650 | 4 |
_aRelaciones interpersonales _91551 |
|
| 700 | 1 |
_aVilla Sánchez, Aurelio _ecoaut. _929626 |
|
| 905 | _aLibro | ||
| 999 |
_c82589 _d82589 |
||